ბათუმის შოთა რუსთაველის სახელმწიფო უნივერსიტეტის ბიბლიოთეკა

ქართული სალიტერატურო ენის საკითხები : ისტორია და თანამედროვე მდგომარეობა. (ბიბ.ჩანაწერი № 40024)

000 -ლიდერი
ფიქსირებული სიგრძის საკონტროლო ველი 01365nam a2200229Ia 4500
001 - საკონტროლო ნომერი
საკონტროლო ველი 6630
003 - საკონტროლო ნომრის იდენტიფიკატორი
საკონტროლო ველი GE_BSU
005 - ბოლო ოპერაციის თარიღი და დრო
საკონტროლო ველი 20191202171202.0
008 - ფიქსირებული სიგრძის მონაცემთა ელემენტები - ზოგადი ინფორმაცია
ფიქსირებული სიგრძის საკონტროლო ველი 181216s2007||||ge |||||||||||||| ||geo||
020 ## - წიგნის საერთაშორისო სტანდარტული ნომერი
International Standard Book Number ISSN 1512-4622
040 ## - კატალოგიზაციის წყარო
Transcribing agency GE_BSU
041 ## - ენის კოდი
Language code of text/sound track or separate title geo
080 ## - უნივერსალური ათობითი კლასიფიკაციის ინდექსი
Universal Decimal Classification number 811.353.1-09 ქ-27
245 ## - ცნობა სათაურის შესახებ
Title ქართული სალიტერატურო ენის საკითხები : ისტორია და თანამედროვე მდგომარეობა.
Remainder of title სახელმწიფო ენის პროგრამა. კრებული 1 /
Statement of responsibility, etc რედაქტორი თინათინ ბოლქვაძე
264 ## - წარმოების, გამოცემის, დისტრიბუციის და სხვა ცნობები
გამოცემის, წარმოების, დისტრიბუციის... ადგილი თბილისი :
გამოცემის, წარმოების, დისტრიბუციის... თარიღი 2007
300 ## - ფიზიკური აღწერა
Extent 288 გვ.;
Other physical details 24 სმ.
546 ## - LANGUAGE NOTE
Language note ტექსტი ქართულ და ინგლისურ ენებზე
653 ## - INDEX TERM--UNCONTROLLED
Uncontrolled term ქართული სალიტერატურო ენის საკითხები: ისტორია და თანამედროვე მდგომარეობა
700 ## - ADDED ENTRY--PERSONAL NAME
Personal name ბოლქვაძე, თინათინ
Relator term რედაქტორი
9 (RLIN) 5682
710 ## - ADDED ENTRY--CORPORATE NAME
Corporate name or jurisdiction name as entry element საქართველოს განათლებისა და მეცნიერების სამინისტრო
9 (RLIN) 5683
942 ## - ADDED ENTRY ELEMENTS (KOHA)
Koha item type წიგნი
Source of classification or shelving scheme
ეგზემპლარები
ჩამოწერის სტატუსი დაკარგული ეგზემპლარის სტატუსი კლასიფიკაციის წყარო ან თაროზე გაწყობის სქემა დაზიანების სტატუსი არ გაიცემა მუდმივი მდებარეობა (დაცვის ადგილი) ამჟამინდელი ადგილსამყოფელი შეძენის თარიღი სრული შენახვის შიფრი შტრიხკოდი ბოლო ოპერაციის თარიღი ეგზემპლარის მიმდევრობითი ნომერი (კეტერი?) ფასის ძალაში შესვლის თარიღი ეგზემპლარის სახეობა
          ბათუმის შოთა რუსთაველის სახელმწიფო უნივერსიტეტის მთავარი ბიბლიოთეკა ბათუმის შოთა რუსთაველის სახელმწიფო უნივერსიტეტის მთავარი ბიბლიოთეკა 2018-12-17 811.353.1-09 ქ-27 6982 2018-12-17 6982 2018-12-17 წიგნი